| 000 | 00479 a2200157 4500 | ||
|---|---|---|---|
| 999 |
_c7164 _d7164 |
||
| 020 | _a9780324323450 | ||
| 050 | _aHB172 BAU 2006 | ||
| 100 |
_aBaumol, William J. _eauthor |
||
| 245 |
_aMicroeconomics : _bprinciples and policy / _cWilliam J. Baumol & Alan S. Blinder |
||
| 264 |
_aMason : _bThomson- South-Western, _c2006. |
||
| 300 |
_a505p. : _bill. |
||
| 500 | _aIncludes index | ||
| 650 | _aMicroeconomics | ||
| 700 |
_aBlinder, Alan S. _eauthor |
||
| 942 |
_2lcc _cBK _h172 _iBAU _kHB |
||